[Event "Brandenburg-ch Seniors 22nd"]
[Site "Berlin"]
[Date "2006.02.24"]
[Round "5"]
[White "Geiss, Alfred"]
[Black "Gross, Horst"]
[Result "0-1"]
[WhiteElo "1399"]
[BlackElo "1380"]
[PlyCount "112"]
[EventDate "2006.02.20"]
[EventType "swiss"]
[EventRounds "9"]
[EventCountry "GER"]
[SourceTitle "EXT 2007"]
[Source "ChessBase"]
[SourceDate "2006.11.23"]
[SourceVersion "1"]
[SourceVersionDate "2006.11.23"]
[SourceQuality "1"]

1. Nf3 d5 2. g3 e6 3. Bg2 Nf6 4. 0-0 Be7 5. d3 0-0 6. Nbd2 c5 7. e4 dxe4 8. dxe4 Nc6 9. e5 Nd7 10. Re1 Qc7 11. Qe2 b6 12. h4 Bb7 13. Nf1 Rad8 14. Bf4 Qc8 15. Rad1 Qa8 16. N1h2 Rfe8 17. c3 Nf8 18. h5 h6 19. Ng4 Nh7 20. Rd2 Rxd2 21. Qxd2 Rd8 22. Qe3 Rd7 23. Bxh6 gxh6 24. Nf6+ Nxf6 25. exf6 Bf8 26. Ng5 Qd8 27. Nxe6 Qxf6 28. Nxf8 Re7 29. Qd2 Rxe1+ 30. Qxe1 Kxf8 31. Qd2 Ke7 32. f4 Na5 33. Bh3 Qd6 34. Qe2+ Kf8 35. Bg2 Bxg2 36. Qxg2 Qc6 37. Qd2 Nc4 38. Qe2 Nd6 39. Qe5 Ne8 40. f5 f6 41. Qf4 Qd7 42. Qxh6+ Qg7 43. Qf4 Qg5 44. Qf3 Qc1+ 45. Kh2 Qxb2+ 46. Kh3 Qxa2 47. h6 Qf7 48. Kh4 Qh7 49. Qh5 Nd6 50. g4 Nf7 51. g5 fxg5+ 52. Kg4 Qxh6 53. Qxh6+ Nxh6+ 54. Kxg5 Nf7+ 55. Kf6 a5 56. Ke6 a4 0-1

[Event "Brandenburg-ch Seniors 22nd"]
[Site "Berlin"]
[Date "2006.02.21"]
[Round "2"]
[White "Geiss, Alfred"]
[Black "Fiedler, Wolfgang2222"]
[Result "0-1"]
[WhiteElo "1399"]
[BlackElo "1857"]
[PlyCount "56"]
[EventDate "2006.02.20"]
[EventType "swiss"]
[EventRounds "9"]
[EventCountry "GER"]
[SourceTitle "EXT 2007"]
[Source "ChessBase"]
[SourceDate "2006.11.23"]
[SourceVersion "1"]
[SourceVersionDate "2006.11.23"]
[SourceQuality "1"]

1. Nf3 e6 2. d3 Be7 3. e4 g5 4. g3 h5 5. h3 h4 6. g4 d5 7. Nbd2 f5 8. exf5 exf5 9. gxf5 Bxf5 10. Nd4 Qd7 11. N2f3 Nc6 12. Nxc6 Qxc6 13. Bxg5 Bxg5 14. Nxg5 0-0-0 15. Be2 Qf6 16. Rg1 Re8 17. c3 d4 18. Qa4 Qe5 19. Qc2 dxc3 20. bxc3 Rh6 21. Nf3 Qf4 22. Qd2 Qxf3 23. Kd1 Qc6 24. Rb1 Rhe6 25. Qf4 Rxe2 26. Qxf5+ Kb8 27. Qg4 Rxf2 28. Rb4 Qxc3 0-1

[Event "Brandenburg-ch Seniors 22nd"]
[Site "Berlin"]
[Date "2006.02.20"]
[Round "1"]
[White "Geiss, Alfred"]
[Black "Durth, Konrad"]
[Result "1-0"]
[WhiteElo "1399"]
[BlackElo "1754"]
[PlyCount "49"]
[EventDate "2006.02.20"]
[EventType "swiss"]
[EventRounds "9"]
[EventCountry "GER"]
[SourceTitle "EXT 2007"]
[Source "ChessBase"]
[SourceDate "2006.11.23"]
[SourceVersion "1"]
[SourceVersionDate "2006.11.23"]
[SourceQuality "1"]

1. Nf3 Nf6 2. d3 d5 3. Nbd2 c5 4. e4 Nc6 5. g3 dxe4 6. dxe4 e5 7. c3 Be7 8. Bg2 Be6 9. 0-0 h6 10. Re1 Qb6 11. h3 0-0 12. Qc2 c4 13. Nf1 Nd7 14. Ne3 Bc5 15. Rd1 Bxe3 16. Bxe3 Qc7 17. Rd2 b6 18. Rad1 Nf6 19. Nh4 Rad8 20. f4 Nh5 21. f5 Bc8 22. Kh2 Rxd2 23. Rxd2 Rd8 24. Qd1 Bb7 25. Qxh5 1-0